000 01086cab a2200265 4500
001 ABS54474
008 090401t1996 xxu||||| |||| 00| 0 eng d
035 _a(Sirsi) u10627
041 _aeng
100 _aBrewer, G.
245 _aWinning hands down
260 _c1996
350 _a0
490 _aContract Journal
_v382(6064) 29 February 1996, 18-19(1)
520 _aOutlines the seven issues considered in "Maidenhead Electrical Services Ltd v Johnson Control Systems", on subcontractor`s rights to payment under change orders, omission of subcontracted works, loss/expense claims, change of sequence of works, timing of notices, extension of time, and pay when paid clauses. The court found in favour of the subcontractor in each instance.
650 _aCLAIMS
650 _aCONTRACT CLAIMS
650 _aDISPUTE RESOLUTION
_96236
650 _aEXTENSION OF TIME
650 _aMAIDENHEAD ELECTRICAL SERVICES LTD V JOHNSON CONTROL SYSTEMS LTD
650 _aSUBCONTRACTORS
690 _aBUILT ENVIRONMENT-BUILDING CONTRACT FORMS
942 _n0
948 _c04/03/1997
999 _c6732
_d6732